Quizzes
Events
Quiz Creation
Community
Videos
Private Events
Remove Ads
Sign In
Join for FREE
Feedback
Dark Mode
Quiz Categories
Sports
Geography
Music
Movies
Television
Just For Fun
Miscellaneous
History
Literature
Language
Science
Gaming
Entertainment
Religion
Holiday
For Kids
Quiz Lab
Recent
Popular Today
Quiz Kudos Today
Editor Picks
Curator Picks
Quizzes by...
Day
Popularity
Type
Ratings
Length
Year
Community
Subscriptions
Recent Discussions
Orange Saloon
Badges
Playlists
Quests
Create
Leaderboards
Showdown
Live 5
Trivia Bingo
Activity
Puzzle Library
Sporcle Events
Private Events
Virtual Trivia
Globe League
Become a Host
Pub Owners
SporcleCon
Opinionation
Our Games
Videos
Blog
Mobile Apps
Partnerships
Remove Ads and Go Orange
Feedback
Movies
Disney
Marvel Cinematic Universe
Movie Resume
Movie Titles
Oscar
Actor
Actress
Director
Pixar
Role
Movie Quotes
Movie Characters
Box Office
Nominee
Best Picture
Star Wars
James Bond
Horror Movies
Movies
Disney
Marvel Cinematic Universe
Movie Resume
Movie Titles
Oscar
Actor
Actress
Director
Pixar
Role
Movie Quotes
Movie Characters
Box Office
Nominee
Best Picture
Star Wars
James Bond
Horror Movies
Random Quiz
Search Sporcle
×
Quiz Lab
Quiz Lab
Movies
Working
Type in answers that appear in a list
Type in answers that appear in a list
Classic
Best Score? Go Orange.
Movies by their Codename Stats
Can you name the Movies by their Codename/Working Title?
By
shaiya
10m
26 Questions
164 Plays
164 Plays
164 Plays
Comments
Comments
Give Quiz Kudos
Give Quiz Kudos
-
- Ratings
hide this ad
Replay
Link that replays current quiz
Next Quiz
Link to next quiz in quiz playlist
You Got
0%
They Got
Avg Score
18%
Avg Friend Score
Upgrade to see
Score Distribution
Jump to the score distribution portion of the page
Score
0/26
Timer
10:00
0
Plays Today
Codename/Working Title
Movie
% Correct
Blue Harvest
Return of the Jedi
47.6%
Hour Glass
Inception
42.1%
Redbird
Avatar
40.2%
Project 880
Avatar
40.2%
A Boy's Life
E.T.
37.2%
Watch the Skies
Close Encounters of the Third Kind
29.9%
Star Beast
Alien
28.7%
The Woods
The Village
27.4%
RKO 281
Citizen Kane
25%
How the Solar System Was Won
2001 A Space Odyssey
23.8%
Seven Days
The Ring
23.2%
Planet Ice
Titanic
20.7%
Rory's First Kiss
The Dark Knight
18.9%
Codename/Working Title
Movie
% Correct
Corporate Headquarters
Star Trek
18.9%
The Intimidation Game
Batman Begins
11.6%
The Doll House
The Phantom Menace
6.1%
Prime Directive
Transformers
5.5%
Changing Seasons
The Lord of the Rings
4.3%
Half Dead
Spider-Man 3
4.3%
Yellow Harvest
The Simpsons Movie
4.3%
Gipsy Camp
King Kong
3%
Farewell Atlantis
2012
3%
Paradox
Back to the Future Part 2
2.4%
Red Sun
Superman Returns
2.4%
Clown's Can't Sleep
Ocean's Twelve
0%
Dictel
Batman Returns
0%
Quiz Playlist
Details
Report
Send in Message
Add To Playlist
Classic:
Type in answers that appear in a list
Last Updated: Feb 16, 2017
Quiz Scoreboard
CHALLENGE
Sign Up to Join the Scoreboard
Show All
Scores
Hide
Comments
May contain spoilers
Recently Published
Presidents Visiting Landmarks
by Hejman
History
7m
An Introduction to Baseball
by treessimontrees
Sports
5m
Movies - When Are They Set?
by FPL_Elf
Movies
5m
More to Explore
Quiz From the Vault
Featured Blog Post
Where Did the Easter Bunny Come From?
hide this ad
You Might Also Like...
Tags
codename
Working
Today's Top Quizzes in Movies
Browse Movies
hide this ad
Today's Top Quizzes in Working
Browse Working
Top Contributed Quizzes in Movies
1
Pick 5 Posters: Directed by Spielberg
2
7-to-1: Pixar Characters
3
Pick 5 Posters: Lowest-Rated Spielberg
4
Pick 5 Posters: Directed by Scorsese
5
Pick 5 Posters: Star & Director
6
Sorting Actors
7
Sorting Actresses
8
12 Movies about Fictional 1960s Events
9
Multi-Oscar Nominations, One Movie, One Winner
10
Pick 5 Posters: Women Directed 2020s
Explore More
Trending Topics
NBA
Anime
Marvel
Harry Potter
Kpop
Crossword
Disney
Country
Puzzle
The Office
Song
WWE
Pokémon
NFL
Soccer
hide this ad
More By:
shaiya
Quiz
Plays
Rating
Category
Featured
Created
Only Fools & Horses Characters
396
2.50
Television
Oct 22, 2009
Movies by their Codename
164
2.33
Movies
Aug 13, 2010
British Movie Taglines
142
4.00
Movies
Jan 23, 2010
Go to Creator's Profile
Score Distribution
Quiz Creator Spotlight
shaiya
Follow
Send a Message
Quizzes Created
-
Created Quiz Play Count
-
More By This Creator
Popular Quizzes Today
1
Find the US States - No Outlines Minefield
2
Find the Countries of Europe - No Outlines Minefield
3
The Countries of the World
4
Find the US States
5
Popular People in 1961
6
US States
7
Risky Map Clicking: Biggest States A-Z
8
1-10 Letter E Words III
More Movies Quizzes
Movie MacGuffins
Published
Trending Quizzes
Risky Map Clicking: Least Populous States A-Z
1-10 Letter G Words
1-10 Letter F Words
Risky Map Clicking: Next State Alphabetically
Risky Map Clicking: Biggest States A-Z
Recently Updated
Leaping Animals
pecheneg
Reality TV Shows (A-Z)
bhenderson79
Rickey Henderson's Hall of Fame Teammates
pecheneg
Champions League XIs: Arsenal
pecheneg
Quick Pick: Celebrities in WWE's Hall of Fame
aduchscher
A-Z Keypad Blitz II
pecheneg
Multiple Oscar Actors
pecheneg
Mystery Phrase Blitz: Oscar 'Best Actors'
pecheneg
F. Scott Fitzgerald Novels
LTH
Pick 3 Villains
ddd62291
Trending Topics
Marvel
Kpop
Crossword
NBA
Disney
Anime
Harry Potter
Country
Song
Pokémon
NFL
Soccer
WWE
The Office
Puzzle
Your Account Isn't Verified!
In order to create a playlist on Sporcle, you need to verify the email address you used during registration. Go to your
Sporcle Settings
to finish the process.
Report this User
Report this user for behavior that violates our
Community Guidelines
.
Details:
Send Report
Go to the Sporcle.com Mobile Site →
Comments